000 00361nam a2200157Ia 4500
001 24860
003 IN-NITTTR
005 20251114233317.0
008 251113s9999||||xx |||||||||||||| ||eng||
040 _beng
040 _cIN-NITTTR
041 _aeng
082 _a651.7 S18
245 0 _aSuccessful communication for business development /
942 _2ddc
_cBK
999 _c27489
_d27489